Tres Poblaciones Más Grandes de Cada Provincia - Estadísticas

Estadísticas generales
  • Esta prueba ha sido intentada 199 veces
  • La puntuación promedio es 72 de 150
Estadísticas de respuestas
Hint Respuesta % Correcto
Alicante Alicante
90%
Barcelona Barcelona
90%
Asturias Oviedo
88%
Badajoz Badajoz
87%
Cáceres Cáceres
86%
Almería Almería
85%
Ávila Ávila
85%
Burgos Burgos
85%
Asturias Gijón
85%
Álava Vitoria
85%
Albacete Albacete
84%
Cantabria Santander
84%
Córdoba Córdoba
83%
Lugo Lugo
83%
Madrid Madrid
83%
Cádiz Cádiz
82%
Jaén Jaén
82%
León León
82%
Lérida Lérida
82%
Huesca Huesca
81%
Cuenca Cuenca
80%
Gerona Gerona
80%
Granada Granada
80%
Málaga Málaga
80%
Murcia Murcia
80%
Ciudad Real Ciudad Real
79%
Guadalajara Guadalajara
79%
Orense Orense
79%
Alicante Elche
78%
Huelva Huelva
78%
La Coruña La Coruña
77%
Badajoz Mérida
77%
Navarra Pamplona
77%
Sevilla Sevilla
77%
Palencia Palencia
76%
Guipúzcoa San Sebastián
76%
Pontevedra Vigo
76%
Salamanca Salamanca
75%
Segovia Segovia
75%
Islas Baleares Palma
74%
Pontevedra Pontevedra
74%
Soria Soria
74%
Tarragona Tarragona
74%
Teruel Teruel
73%
Valencia Valencia
72%
La Rioja Logroño
70%
Vizcaya Bilbao
69%
La Coruña Santiago de Compostela
68%
Toledo Toledo
68%
Murcia Cartagena
67%
Castellón Castellón de la Plana
67%
Valladolid Valladolid
67%
Zaragoza Zaragoza
67%
Asturias Avilés
66%
Cádiz Jerez de la Frontera
66%
Las Palmas Las Palmas de Gran Canaria
66%
Málaga Marbella
66%
Santa Cruz de Tenerife Santa Cruz de Tenerife
66%
Zamora Zamora
66%
Madrid Móstoles
60%
Islas Baleares Ibiza
59%
Cáceres Plasencia
59%
León Ponferrada
59%
Sevilla Dos Hermanas
58%
Madrid Alcalá de Henares
55%
Almería El Ejido
55%
Barcelona Hospitalet de Llobregat
54%
Murcia Lorca
54%
Alicante Torrevieja
54%
Toledo Talavera de la Reina
51%
La Coruña Ferrol
50%
Guipúzcoa Irún
50%
Tarragona Reus
50%
Cantabria Torrelavega
50%
Badajoz Don Benito
49%
Ciudad Real Puertollano
48%
Burgos Miranda de Ebro
47%
Almería Roquetas de Mar
47%
Jaén Linares
46%
Navarra Tudela
46%
Albacete Hellín
44%
Granada Motril
44%
Cantabria Castro-Urdiales
42%
Cádiz San Fernando
42%
Barcelona Tarrasa
40%
Castellón Villareal
40%
Burgos Aranda de Duero
39%
Las Palmas Telde
38%
La Rioja Calahorra
37%
Santa Cruz de Tenerife San Cristóbal de La Laguna
37%
Gerona Figueras
36%
Málaga Vélez
36%
Vizcaya Baracaldo
35%
Valencia Gandía
32%
Zaragoza Calatayud
31%
Huelva Lepe
31%
Zamora Benavente
30%
Granada Almuñécar
28%
Ávila Arévalo
28%
Huesca Monzón
28%
Cuenca Tarancón
28%
Ciudad Real Tomelloso
28%
Guadalajara Azuqueca de Henares
27%
Huesca Barbastro
27%
Lugo Monforte de Lemos
27%
Valencia Torrente
27%
Teruel Alcañiz
26%
Zamora Toro
26%
Salamanca Bejar
25%
Castellón Burriana
24%
Córdoba Lucena
24%
Albacete Villarrobledo
24%
Vizcaya Guecho
23%
Cáceres Navalmoral de la Mata
23%
Orense Verín
22%
Jaén Andújar
21%
Ávila Arenas de San Pedro
21%
Sevilla Alcalá de Guadaíra
20%
Soria Burgo de Osma
20%
Islas Baleares Calviá
20%
Álava Llodio
20%
Valladolid Medina del Campo
20%
Santa Cruz de Tenerife Arona
19%
Palencia Aguilar de Campoo
18%
Teruel Andorra
17%
Córdoba Puente Genil
17%
Segovia Cuéllar
16%
Zaragoza Utebo
16%
Huelva Almonte
15%
Álava Amurrio
15%
Toledo Illescas
15%
Guipúzcoa Rentería
15%
La Rioja Arnedo
14%
Lérida Balaguer
14%
Gerona Blanes
14%
Lérida Tárrega
14%
Soria Almazán
13%
Salamanca Santa Marta de Tormes
13%
Lugo Vivero
13%
Pontevedra Vilagarcía de Arousa
12%
Orense Carballino
10%
Segovia El Espinar
9%
Valladolid Laguna de Duero
9%
Las Palmas Santa Lucía de Tirajana
9%
Guadalajara Alovera
8%
León San Andrés del Rabanedo
7%
Navarra Valle de Egüés
7%
Tarragona Vendrell
7%
Cuenca Quintanar del Rey
5%
Palencia Villamuriel de Cerrato
1%
No se encontraron pruebas coincidentes
Distribución de puntuación
Porcentaje de gente con cada puntuación
Porcentaje por número respondido
Historial de tus puntuaciones
No has intentado esta prueba.